000 00945nam a2200241Ia 4500
001 21615
005 20260422160613.0
008 260320s9999||||xx |||||||||||||| ||und||
020 _a958043025X
041 _aESP
082 _a658.4063
_bM22
100 _aManganelli, Raymond L.,
_eAUT
245 0 _aCómo hacer reingeniería
260 _aBogotá :
_bNorma,
_c1995
300 _axvi, 349 páginas :
_bfiguras ;
_c21 cm.
650 _aTCA
653 _aAdministración; Reingeniería
654 _aCAN
700 _aKlein, Mark M.,
_cAUT
856 _uhttps://0u213xits-y-https-ebooks7--24-com.itmsp.museknowledge.com/visorBook.aspx?i=10411&t=6FD85C47-1F1C-4E7B-944A-A54F68AA76CC
_zVéase además: Calidad y productividad, por Humberto Gutiérrez Pulido. Versión digital
856 _uhttps://itmsp.museknowledge.com/UCSP?groupID=2&action=source&sourceID=eBooks724
_zVéase además: Base de datos Ebook7-24
942 _cLIB
_dJUS
_fTRC
_2ddc
999 _c21615
_d21615